000 01166nam a22003017a 4500
005 20170710120352.0
010 _a1516EN07 ENG-114835
020 _a9789332549609
_c475.00
020 _a9789332549609
_c529.00 (AV)
035 _aEN-98367
035 _aB-614037-059
035 _aB-667970
037 _aDPL
_bTechniz/Ven
037 _bDBAD/PUB
082 _a658.40355
100 _aHanke, John E.
245 _aBusiness forecasting /
_cby John E.Hanke [and] Dean Wichern
250 _a9th ed
260 _aNoida
_bPearson Education
_c2015
270 _a7th Floor, Knowlege Boulevard,A-8(A) Sector-62,
_bNoida
_e201309
300 _a505p. :
_c24cm(pbk)
_bill.
500 _aIncludes index
650 _aBusiness forecasting.
700 _aWichern, Dean W.
942 _2ddc
_cEN
_mHAN
_h658.40355
999 _c96003
_d96003